The World's Climates - Map Quiz - Statistics

General Stats
  • This quiz has been taken 914 times
  • The average score is 6 of 8
Answers on the Map
Answers color-coded by a green-red scale on the quiz's map according to % correct below.
 
Answer Stats
Answer % Correct
polar
84%
mediterranean
77%
arid
73%
continental
73%
highland
69%
tropical
69%
equatorial
65%
oceanic
63%
No matching quizzes found
Score Distribution
Percent of People with Each Score
Percentile by Number Answered
Your Score History
You have not taken this quiz